Clutches and brakes : (Record no. 566481)

000 -LEADER
fixed length control field 00979cam a2200289 a 4500
001 - CONTROL NUMBER
control field 13662733
003 - CONTROL NUMBER IDENTIFIER
control field CEME
005 - DATE AND TIME OF LATEST TRANSACTION
control field 20210628201543.0
008 - FIXED-LENGTH DATA ELEMENTS--GENERAL INFORMATION
fixed length control field 040722s2004 nyua b 001 0 eng
010 ## - LIBRARY OF CONGRESS CONTROL NUMBER
LC control number 2004556261
020 ## - INTERNATIONAL STANDARD BOOK NUMBER
International Standard Book Number 082474876X (alk. paper)
040 ## - CATALOGING SOURCE
Original cataloging agency DLC
Transcribing agency DLC
Modifying agency DLC
050 00 - LIBRARY OF CONGRESS CALL NUMBER
Classification number TJ1074
Item number .O76 2004
082 00 - DEWEY DECIMAL CLASSIFICATION NUMBER
Classification number 621.8/25
Edition number 22
100 1# - MAIN ENTRY--PERSONAL NAME
Personal name Orthwein, William C.,
Dates associated with a name 1924-
9 (RLIN) 55812
245 10 - TITLE STATEMENT
Title Clutches and brakes :
Remainder of title design and selection /
Statement of responsibility, etc. William C. Orthwein.
250 ## - EDITION STATEMENT
Edition statement 2nd ed.
260 ## - PUBLICATION, DISTRIBUTION, ETC.
Place of publication, distribution, etc. New York :
Name of publisher, distributor, etc. M. Dekker,
Date of publication, distribution, etc. c2004.
300 ## - PHYSICAL DESCRIPTION
Extent xiv, 330 p. :
Other physical details ill. ;
Dimensions 24 cm.
490 1# - SERIES STATEMENT
Series statement Mechanical engineering ;
Volume/sequential designation 168
504 ## - BIBLIOGRAPHY, ETC. NOTE
Bibliography, etc. note Includes bibliographical references and index.
650 #0 - SUBJECT ADDED ENTRY--TOPICAL TERM
Topical term or geographic name entry element Clutches (Machinery)
9 (RLIN) 55813
650 #0 - SUBJECT ADDED ENTRY--TOPICAL TERM
Topical term or geographic name entry element Brakes.
9 (RLIN) 44365
830 #0 - SERIES ADDED ENTRY--UNIFORM TITLE
Uniform title Mechanical engineering (Marcel Dekker, Inc.) ;
Volume/sequential designation 168.
9 (RLIN) 36219
856 42 - ELECTRONIC LOCATION AND ACCESS
Materials specified Publisher description
Uniform Resource Identifier <a href="http://www.loc.gov/catdir/enhancements/fy0647/2004556261-d.html">http://www.loc.gov/catdir/enhancements/fy0647/2004556261-d.html</a>
942 ## - ADDED ENTRY ELEMENTS (KOHA)
Source of classification or shelving scheme
Koha item type Book
Holdings
Withdrawn status Lost status Source of classification or shelving scheme Damaged status Not for loan Permanent Location Current Location Shelving location Date acquired Total Checkouts Full call number Barcode Date last seen Price effective from Koha item type
          College of Electrical & Mechanical Engineering (CEME) College of Electrical & Mechanical Engineering (CEME) General Stacks 02/23/2017   629.246 ORT CEME-40108 06/28/2021 06/28/2021 Book
© 2023 Central Library, National University of Sciences and Technology. All Rights Reserved.